Open Data Biblioteca Nacional de Portugal


República Portuguesa: Ministério da Cultura
Biblioteca Nacional de Portugal

Catálogo da BNP: acesso por Identificadores Unívocos
Registos Bibliográficos associados ao registo de autoridade

Etiqueta de registo: 00000nkm 2200025 450
001 2249011
003 http://id.bnportugal.gov.pt/bib/catbnp/2249011
100 ## $a20260116d1987 m y0pory01030103ba
101 0# $apor
102 ## $aPT
200 1# $aMoto Cross no Largo da Feira, Grândola, dia 4-10-87$bVisual gráfico]$fClube de Ténis de Grândola$gcolab. Câmara Municipal de Grândola
210 #9 $aGrândola$cClube de Ténis de Grândola,$d1987$eAlcácer do Sal :$gCasa Havaneza)
215 ## $a1 cartaz$ccolor.$d34,9x49,8 cm
675 ## $a766(=1:469)"198"(084.5)$vBN$zpor$31975661
710 02 $aClube de Ténis de Grândola$31978942
712 01 $aGrândola.$bCâmara Municipal$4205$328789
801 #0 $aPT$bBN$gRPC
966 ## $lBN$mICONOG$sCT. 12400 V.$x1
971 ## $cCaticonografia8$d20260116
972 ## $d20260515$e2$vtoliveira$z0
995 ## $aPRR2026 $d20260116$iCaticonografia8

OpendataBNP@bnportugal.pt | Mais informação sobre acesso aos dados BNP